Оптимизация контуров регулирования систем электропривода по симметричному оптимуму; Известия Томского политехнического университета [Известия ТПУ]; Т. 308, № 7
| Parent link: | Известия Томского политехнического университета [Известия ТПУ]/ Томский политехнический университет (ТПУ).— , 2000- Т. 308, № 7.— 2005.— [С. 126-129] |
|---|---|
| Hlavní autor: | |
| Další autoři: | , |
| Shrnutí: | Заглавие с титульного листа Электронная версия печатной публикации Рассмотрен симметричный оптимум настройки контуров регулирования систем электропривода, систематизированы качественные показатели при отработке управляющих и возмущающих воздействий. Выполнен анализ влияния числа и соотношения малых постоянных времени в прямом канале регулирования на показатели работы оптимизированного контура. |
| Jazyk: | ruština |
| Vydáno: |
2005
|
| Edice: | Технические науки |
| Témata: | |
| On-line přístup: | http://www.lib.tpu.ru/fulltext/v/Bulletin_TPU/2005/v308/i7/30.pdf |
| Médium: | Elektronický zdroj Kapitola |
| KOHA link: | https://koha.lib.tpu.ru/cgi-bin/koha/opac-detail.pl?biblionumber=171004 |
MARC
| LEADER | 00000nla2a2200000 4500 | ||
|---|---|---|---|
| 001 | 171004 | ||
| 005 | 20240220111353.0 | ||
| 035 | |a (RuTPU)RU\TPU\book\185446 | ||
| 035 | |a RU\TPU\book\185445 | ||
| 090 | |a 171004 | ||
| 100 | |a 20091130d2005 k y0rusy50 ca | ||
| 101 | 0 | |a rus | |
| 102 | |a RU | ||
| 135 | |a drnn ---uucaa | ||
| 181 | 0 | |a i | |
| 182 | 0 | |a b | |
| 200 | 1 | |a Оптимизация контуров регулирования систем электропривода по симметричному оптимуму |f Н. В. Кояин, О. П. Мальцева, Л. С. Удут | |
| 203 | |a Текст |c электронный | ||
| 215 | |a 1 файл (237 Кб) | ||
| 225 | 1 | |a Технические науки | |
| 300 | |a Заглавие с титульного листа | ||
| 300 | |a Электронная версия печатной публикации | ||
| 320 | |a [Библиогр.: с. 129 (2 назв.)] | ||
| 330 | |a Рассмотрен симметричный оптимум настройки контуров регулирования систем электропривода, систематизированы качественные показатели при отработке управляющих и возмущающих воздействий. Выполнен анализ влияния числа и соотношения малых постоянных времени в прямом канале регулирования на показатели работы оптимизированного контура. | ||
| 337 | |a Adobe Reader | ||
| 461 | 1 | |0 (RuTPU)RU\TPU\book\176237 |t Известия Томского политехнического университета [Известия ТПУ] |f Томский политехнический университет (ТПУ) |d 2000- | |
| 463 | 1 | |0 (RuTPU)RU\TPU\book\185393 |t Т. 308, № 7 |v [С. 126-129] |d 2005 |p 258 с. | |
| 610 | 1 | |a оптимизация | |
| 610 | 1 | |a регулирование | |
| 610 | 1 | |a системы электропривода | |
| 610 | 1 | |a симметричный оптимум | |
| 610 | 1 | |a контуры | |
| 610 | 1 | |a качественные показатели | |
| 610 | 1 | |a отработка | |
| 610 | 1 | |a управляющие воздействия | |
| 610 | 1 | |a возмущающие воздействия | |
| 610 | 1 | |a анализ | |
| 610 | 1 | |a влияние | |
| 610 | 1 | |a постоянные времени | |
| 610 | 1 | |a каналы | |
| 610 | 1 | |a оптимизированные контуры | |
| 610 | 1 | |a труды учёных ТПУ | |
| 610 | 1 | |a электронный ресурс | |
| 700 | 1 | |a Кояин |b Н. В. |c специалист в области электротехники |c доцент Томского политехнического университета, кандидат технических наук |f 1957- |g Николай Вадимович |3 (RuTPU)RU\TPU\pers\29371 |9 13953 | |
| 701 | 1 | |a Мальцева |b О. П. |c специалист в области электротехники |c доцент Томского политехнического университета, кандидат технических наук |f 1955- |g Ольга Павловна |3 (RuTPU)RU\TPU\pers\29369 | |
| 701 | 1 | |a Удут |b Л. С. |c специалист в области электротехники |c доцент Томского политехнического университета, кандидат технических наук |f 1940- |g Леонид Степанович |3 (RuTPU)RU\TPU\pers\29370 | |
| 801 | 1 | |a RU |b 63413507 |c 20090623 |g PSBO | |
| 801 | 2 | |a RU |b 63413507 |c 20211014 |g PSBO | |
| 856 | 4 | |u http://www.lib.tpu.ru/fulltext/v/Bulletin_TPU/2005/v308/i7/30.pdf | |
| 942 | |c CF | ||